000 00292nam a22001337a 4500
008 180315b xxu||||| |||| 00| 0 eng d
020 _a9781592602551
041 _aeng
080 _a658
100 _a54
101 _aLED
245 _aLEADING WITH INTEGRUTY
_cREA.P
942 _2udc
_cBK
999 _c45183
_d45183